| 000 | 00404nam a22001457a 4500 | ||
|---|---|---|---|
| 020 | _a8181283554 | ||
| 082 |
_a635 _bALZ/MI |
||
| 100 |
_aAlzamora, Stella M _9205 |
||
| 100 |
_aTapia,Maria.S _9539 |
||
| 100 |
_aMalo,Aurelio Lopez _9540 |
||
| 245 | _aMinimally Processed Fruits and Vegetables:Fundamental Aspects and Applications | ||
| 260 |
_aNew Delhi _bSpringer _c2005 |
||
| 300 | _a360 | ||
| 942 | _cBK | ||
| 999 |
_c14168 _d14168 |
||